| 000 | 01070nas a2200325 4500 | ||
|---|---|---|---|
| 001 | BR0707144 | ||
| 003 | BR-BrBNA | ||
| 005 | 20231205111400.0 | ||
| 007 | ta | ||
| 008 | 230509b bl.|||p| |||| 00| 00por d | ||
| 040 |
_aBR-BrBNA _bpor _cBiblioteca Nacional de Agricultura |
||
| 041 | _a(Pt) | ||
| 072 | _aL53 | ||
| 100 | 1 | _aPinto Neto, A. | |
| 100 | 1 | _aDemczuk, E. | |
| 100 | 1 | _aRibeiro, E.A. | |
| 100 | 1 | _aSilva, A.V. da | |
| 100 | 1 | _aRojas, J. | |
| 100 | 1 | _aSantos, J.C.R. | |
| 100 | 1 | _aCarradore Júnior, U. | |
| 111 | 1 |
_a8. Jornada de Medicina Veterinária da UNIPAR _cUmuarama, PR _d01-04 Sep 2003 |
|
| 245 | 1 | _aSincronização de estros em vacas paridas da raça Tabapuã utilizando-se dispositivos intravaginal de progesterona | |
| 650 | _aVACA | ||
| 650 | _aCICLO ESTRAL | ||
| 650 | _aSINCRONIZAÇÃO | ||
| 650 | _aPROGESTERONA | ||
| 773 | 0 |
_tArquivos de Ciências Veterinárias e Zoologia da UNIPAR (Brazil) _xISSN 1415-8167 _g(Jul-Dec 2003), v. 6(2) p. 234 _wBR0707144 |
|
| 909 |
_a202311 _bLúcia _c55 _dLúcia Elande |
||
| 942 |
_2AGRIS _n0 _cANA |
||
| 999 |
_c192398 _d192398 |
||